Tokyo Ghoul / Tokyo Ghoul:re Characters - Statistics

General Stats
  • This quiz has been taken 522 times
  • The average score is 17 of 32
Answer Stats
Affiliation Character % Correct
Human/Ghoul Kaneki Ken
98%
Ghoul Kirishima Touka
93%
Human/Ghoul Amon Koutarou
75%
Human/Ghoul Eto
75%
Ghoul Kirishima Ayato
72%
Human Mado Akira
69%
Human Suzuya Juuzou
67%
Human Nagachika Hideyoshi
65%
Ghoul Nishio Nishiki
64%
Human Arima Kishou
62%
Ghoul Fueguchi Hinami
61%
Ghoul Kamishiro Rize
61%
Human/Ghoul Urie Kuki
61%
Ghoul Uta
61%
Ghoul Yomo Renji
60%
Human Oomori Yakumo
58%
Human/Ghoul Takizawa Seidou
55%
Ghoul Tsukiyama Shuu
54%
Human/Ghoul Yonebayashi Saiko
53%
Human/Ghoul Sasaki Haise
50%
Ghoul Yoshimura
49%
Human/Ghoul Mutsuki Tooru
48%
Human/Ghoul Shirazu Ginshi
46%
Human/Ghoul Furuta Nimura
41%
Ghoul Noro
33%
Ghoul Mado Kureo
28%
Ghoul Enji Koma
23%
Ghoul Kaya Irimi
23%
Ghoul Porpora Donato
20%
Ghoul von Rosewald Kanae
19%
Ghoul Big Madam
16%
Ghoul Matsumae
10%
No matching quizzes found
Score Distribution
Percent of People with Each Score
Percentile by Number Answered
Your Score History
You have not taken this quiz